000 00946nam a2200181 a 4500
001 000023911
005 20200930022550.0
008 110117s1999 enka r 000 0 eng d
040 _aDO-SdBNP
_bspa
_cBNPHU
082 _axxxxx
_bT727s
110 1 _aTourism Planning and Research Associates
_949183
245 1 0 _aStudy on hygiene and sanitation, safety and related facility and service standards required by european tour operators.
260 _aLondres :
_bBritish Training,
_c1999.
300 _av. p. :
_bil. ;
_c29.5 cm.
500 _aIncluye notas al pie de las páginas.
500 _aEn la portada: This report was financed by the European Union within the framework of the Regional Tourism Product Development Project of the caribbean Regional Tourism Sector programme. The views expressed are those of the consultants and do not necessarily reflect those of the Caribbean tourism organisation or of the European Union.
049 _aBNGR
999 _c23407
_d23407